Homenaje a José Barros (Registro nro. 7652)

Detalles MARC
000 -CABECERA
Longitud fija campo de control 01201nam a2200265Ia 4500
005 - • FECHA Y HORA DE LA ÚLTIMA TRANSACCIÓN
Fecha y hora de la última transacción 20220317001639.0
008 - • CÓDIGOS DE INFORMACIÓN DE LONGITUD FIJA
Códigos de información de longitud fija 161213s2014 ck o 000 0 spa
082 04 - • NÚMERO DE LA CLASIFICACIÓN DECIMAL DEWEY
Número de clasificación (R) 927.8092
Número del ítem B17s
040 ## - FUENTE DE LA CATALOGACIÓN
Centro catalogador de origen CO-BoRNBP
Lengua de catalogación spa
Normas de descripción rda
Centro transcriptor CO-BoRNBP
100 1# - • PUNTO DE ACCESO PRINCIPAL-NOMBRE DE PERSONA
Nombre de persona Salcedo Ramos, Alberto
Fechas asociadas al nombre 1963-
245 10 - • TITULO PROPIAMENTE DICHO
Título Homenaje a José Barros
Mención de responsabilidad, etc. texto de Alberto Salcedo Ramos ; fotos de Juan Ruy Castaño
250 ## - • MENCIÓN DE EDICIÓN
Mención de edición Edición especial
264 ## - PRODUCCIÓN, PUBLICACIÓN , DISTRIBUCIÓN, FABRICACIÓN Y COPYRIGHT
Lugar de producción, publicación, distribución, fabricación Bogotá
Nombre del productor, editor, distribuidor, fabricante Semana
Fecha de de producción, publicación, distribución, fabricación o copyright 2016
300 ## - • DESCRIPCIÓN FÍSICA
Extensión 63 páginas
Otras características físicas fotografías en color
Dimensiones 21 cm
Material Acompañante 1 CD
336 ## - TIPO DE CONTENIDO
Término de tipo de contenido texto
Código de tipo de contenido txt
Fuente rdacontent
337 ## - TIPO DE MEDIO
Nombre del tipo de medio sin mediación
Código del tipo de medio n
Fuente rdamedia
338 ## - TIPO DE SOPORTE
Nombre del tipo de soporte volumen
Código del tipo de soporte nc
Fuente rdacarrier
490 ## - • MENCIÓN DE SERIE
Mención de serie Plan Nacional de Lectura y Escritura Leer es mi Cuento. 2016
500 ## - • NOTA GENERAL
Nota general En cubierta: Perfil escrito por Alberto Salcedo Ramos + CD con versiones de La Piragua de Adriana Lucía, Andrés Cepeda, Carlos Vives, Chabuco, Cholo Valderrama, Herencia de Timbiquí, Fonseca, Monsieur Periné y Toño Arnedo
500 ## - • NOTA GENERAL
Nota general Incluye datos biográficos del autor en solapa
600 14 - • PUNTO DE ACCESO ADICIONAL DE MATERIA - NOMBRE DE PERSONA
Nombre de persona Barros Palomino, José Benito
Fechas asociadas al nombre 1915-2007
Subdivisión de materia general (R ) Homenajes póstumos
650 14 - • PUNTO DE ACCESO ADICIONAL DE MATERIA - TÉRMINO DE MATERIA
Fuente del encabezamiento o término LEMB
Término de materia o nombre geográfico como elemento inicial Compositores colombianos
700 1# - • PUNTO DE ACCESO ADICIONAL - NOMBRE DE PERSONA
Nombre de persona Ruy Castaño, Juan
942 ## - ENTRADA DE ELEMENTOS AGREGADOS (KOHA)
Fuente de clasificaión o esquema Dewey Decimal Classification
Koha [por defecto] tipo de item LIbro
Existencias
Perdido Fuente de clasificación o esquema Estado Físico No para préstamo Forma de adquisición Localización permanente Localización actual Localización en estanterías Fecha adquisición Préstamos totales Signatura completa Código de barras Fecha última consulta Número de copia Fecha del precio de reemplazo Tipo de item de Koha
  Dewey Decimal Classification     Colección General Biblioteca Pública Dorado Biblioteca Pública Dorado General 02/23/2024   927.8092 B17s DOR03229 02/23/2024 Ej.1 02/23/2024 LIbro
  Dewey Decimal Classification     Colección General Biblioteca Pública Lejanias Biblioteca Pública Lejanias General 01/27/2026   927.8092 B17s LEJ01956 01/27/2026 Ej.1 01/27/2026 LIbro
  Dewey Decimal Classification     Colección General Biblioteca Pública Puerto Lleras Biblioteca Pública Puerto Lleras General 01/22/2025   927.8092 B17s PLL01742 01/22/2025 Ej.1 01/22/2025 LIbro
  Dewey Decimal Classification     Colección General Biblioteca Pública San Carlos de Guaroa - Eduardo Carranza Biblioteca Pública San Carlos de Guaroa - Eduardo Carranza General 07/09/2024   927.8092 B17s SG01933 07/09/2024 Ej.1 07/09/2024 LIbro
  Dewey Decimal Classification     Colección General Biblioteca Pública San Carlos de Guaroa - Eduardo Carranza Biblioteca Pública San Carlos de Guaroa - Eduardo Carranza General 07/07/2025   927.8092 B17s SG03529 07/07/2025 Ej.1 07/07/2025 LIbro
  Dewey Decimal Classification     Colección General Biblioteca Pública El Castillo - Alfonso Meneses Biblioteca Pública El Castillo - Alfonso Meneses General 07/01/2025   927.8092 B17s EC01723 07/01/2025 Ej.1 07/01/2025 LIbro
  Dewey Decimal Classification     Colección General Biblioteca Pública Granada - Boca del Monte Biblioteca Pública Granada - Boca del Monte Geografia 11/11/2022   927.8092 GRA11919 11/11/2022 Ej.1 11/11/2022 LIbro
  Dewey Decimal Classification     Colección General Biblioteca Pública Guamal Biblioteca Pública Guamal General 04/19/2023   927.8092 B17s GUA003253 04/19/2023 Ej.1 04/19/2023 LIbro
  Dewey Decimal Classification     Colección General Biblioteca Pública Mapiripan Biblioteca Pública Mapiripan General 01/10/2024   927.8092 B17s MAP00001629 01/10/2024 Ej.1 01/10/2024 LIbro
  Dewey Decimal Classification     Colección General Biblioteca Pública Puerto Concordia Biblioteca Pública Puerto Concordia General 01/20/2026   927.8092 B17s PCON00212 01/20/2026 Ej.1 01/20/2026 LIbro
  Dewey Decimal Classification     Colección General Biblioteca Pública Uribe - Reinerio Arenas Biblioteca Pública Uribe - Reinerio Arenas General 08/26/2024   927.8092 B17s URI01274 08/26/2024 Ej.1 08/26/2024 LIbro









Instituto Departamental de Cultura del Meta - Red Departamental de Bibliotecas Públicas del Meta.